| 000 | 01434nam a2200349Ia 4500 | ||
|---|---|---|---|
| 001 | ebr10434991 | ||
| 003 | CaPaEBR | ||
| 006 | m u | ||
| 007 | cr cn||||||||| | ||
| 008 | 100608s2010 mdu sb 001 0 eng d | ||
| 010 | _z 2010023864 | ||
| 020 | _z9780810869455 | ||
| 020 | _z0810869454 | ||
| 040 |
_aCaPaEBR _cCaPaEBR |
||
| 035 | _a(OCoLC)694772561 | ||
| 050 | 1 | 4 |
_aML2080 _b.B84 2010eb |
| 082 | 0 | 4 |
_a791.4502/33092 _222 |
| 245 | 0 | 0 |
_aBuffy, ballads, and bad guys who sing _h[electronic resource] : _bmusic in the worlds of Joss Whedon / _cedited by Kendra Preston Leonard. |
| 260 |
_aLanham, Md. : _bScarecrow Press, _c2010. |
||
| 300 | _axxi, 308 p. | ||
| 504 | _aIncludes bibliographical references and index. | ||
| 533 |
_aElectronic reproduction. _bPalo Alto, Calif. : _cebrary, _d2011. _nAvailable via World Wide Web. _nAccess may be limited to ebrary affiliated libraries. |
||
| 600 | 1 | 0 |
_aWhedon, Joss, _d1964- _xCriticism and interpretation. |
| 630 | 0 | 0 | _aAngel (Television program : 1999-2004) |
| 630 | 0 | 0 | _aFirefly (Television program) |
| 630 | 0 | 0 | _aBuffy, the vampire slayer (Television program) |
| 650 | 0 |
_aTelevision music _xHistory and criticism. |
|
| 655 | 7 |
_aElectronic books. _2local |
|
| 700 | 1 | _aLeonard, Kendra Preston. | |
| 710 | 2 | _aebrary, Inc. | |
| 856 | 4 | 0 |
_uhttp://site.ebrary.com/lib/rucke/Doc?id=10434991 _zAn electronic book accessible through the World Wide Web; click to view |
| 999 |
_c235635 _d235635 |
||